• 首页
  • 本馆介绍
  • 公告通知
  • 最新文献
  • 馆藏检索
  • 电子资源
  • 读者导购
  • 参考咨询
  • 我的图书馆
  • 登录
  • 详细信息显示
  • 放入我的书架
  • 预约/预借图书
  • 作者相关作品
  • 分类相关作品
  • 丛书相关作品
  • 出版社相关作品

书目信息

  • 表格格式
  • 工作单格式
  • 卡片格式
题名:
学校道德教育原理
    
 
作者: 檀传宝 著
分册:  
出版信息: 北京   教育科学出版社  2003.01
页数: 264页
开本: 23cm
丛书名:
单 册:
中图分类: G410
科图分类:
主题词: 德育--教育理论
电子资源:
ISBN: 978-7-5041-2380-0
000 00578nam0 2200205 450
001 0834251061
005 20081205152937.11
010    @a978-7-5041-2380-0@dCNY27.00
100    @a20081205d2003 km y0chiy0120 ea
101 0  @achi
102    @aCN@b110000
200 1  @a学校道德教育原理@Axue xiao dao de jiao yu yuan li@f檀传宝著@Ftan chuan bao zhu
205    @a2版
210    @a北京@c教育科学出版社@d2003.01
215    @a264页@d23cm
606 0  @a德育@x教育理论
690    @aG410@v4
701  0 @a檀传宝@Atan chuan bao@4著
801  0 @aCN@bNISOFT@c20081205
905    @aBZT@dG410@e2@f5
    
    学校道德教育原理/檀传宝著.-2版.-北京:教育科学出版社,2003.01
    264页;23cm
    
    
    ISBN 978-7-5041-2380-0:CNY27.00
    
●
相关链接 在五车中查询图书 在当当中查询图书 在豆瓣中查询图书


正题名:学校道德教育原理     索取号:G410/2         预约/预借

序号 登录号 条形码 馆藏地/架位号 状态 备注
1 0687622   2000687622   样本书库/样003架B面1层3列/ [索取号:G410/2] 在馆    
2 0687623   2000687623   中心书库北库/ 北库031架B面1列5层70/ [索取号:G410/2] 在馆    
3 0687624   2000687624   中心书库北库/ 北库031架B面1列5层69/ [索取号:G410/2] 在馆    
4 0687625   2000687625   中心书库北库/ 北库031架B面1列5层68/ [索取号:G410/2] 在馆    
5 0687626   2000687626   中心书库北库/ 北库031架B面1列5层67/ [索取号:G410/2] 在馆    
山东省滨州职业学院图书馆 欢迎您!
大连网信软件有限公司© 版权所有